Welcome to the Holygrace Academy Library

Please use search bar below to get started

LEARNING TO COMMUNICATE (Record no. 3920)

MARC details
000 -LEADER
fixed length control field 00336nam a22001457a 4500
020 ## - INTERNATIONAL STANDARD BOOK NUMBER
ISBN 0-19-566309-8
082 ## - DEWEY DECIMAL CLASSIFICATION NUMBER
Classification number 425
Item number RAM/L
100 ## - MAIN ENTRY--AUTHOR NAME
Personal name RAM,S.K
100 ## - MAIN ENTRY--AUTHOR NAME
Personal name GUNASHEKAR,PAUL
245 ## - TITLE STATEMENT
Title LEARNING TO COMMUNICATE
260 ## - PUBLICATION, DISTRIBUTION, ETC. (IMPRINT)
Place of publication NEW YORK
Name of publisher OXFORD UNIVERSITY PRESS
300 ## - PHYSICAL DESCRIPTION
Number of Pages 99
650 ## - SUBJECT ADDED ENTRY--TOPICAL TERM
Topical Term LITERARY READER
Geographic subdivision NEW YORK
942 ## - ADDED ENTRY ELEMENTS (KOHA)
Koha item type Books
Holdings
Withdrawn status Lost status Collection code Home library Current library Shelving location Date acquired Source of acquisition Full call number Accession Number Koha item type
    Reference Main Library Main Library SHELF-16D -ENGLISH GRAMMAR ,POEMS 10/10/2023 PURCHASE 425 RAM/L 00409 Books